Instituto Nacional de Salud Pública : quince años de acciones por la salud /

Texto que recoge el trabajo de quince años de funcionamiento del Instituto Nacional de Salud Pública, comenzando por exponer el origen del instituto, creado con la idea de generar conocimiento epidemiológico, administrativo, político y social que permitiera una mejor atención por parte de los servic...

Descripció completa

Guardat en:
Dades bibliogràfiques
Autor corporatiu: México. Instituto Nacional de Salud Pública
Altres autors: Sepúlveda Amor, Jaime (presentación) (presentación)
Format: Llibre
Idioma:espanyol
Publicat: México : Instituto Nacional de Salud Pública, 2002, c2002
Matèries:
Etiquetes: Afegir etiqueta
Sense etiquetes, Sigues el primer a etiquetar aquest registre!

MARC

LEADER 00000nam^a2200000^a^4500
001 000146213
005 20250521000000.0
009 20260310095904.369
020 |a 968-6502-56-4 
037 |a Acervo ITESO - Biblioteca 
041 |a ESP 
082 |a 614. 40972  |b MEX 
110 |a México.  |b Instituto Nacional de Salud Pública 
245 1 0 |a Instituto Nacional de Salud Pública :  |b quince años de acciones por la salud /  |c Instituto Nacional de Salud Pública ; presen. de J. Sepúlveda Amor. 
264 4 |a México :  |b Instituto Nacional de Salud Pública,  |c 2002, c2002 
300 |a 107 p. 
336 |a texto  |b txt  |2 rdacontenido 
337 |a sin mediación  |b n  |2 rdamedio 
338 |a volumen  |b nc  |2 rdasoporte 
520 |a Texto que recoge el trabajo de quince años de funcionamiento del Instituto Nacional de Salud Pública, comenzando por exponer el origen del instituto, creado con la idea de generar conocimiento epidemiológico, administrativo, político y social que permitiera una mejor atención por parte de los servicios de salud. Se habla de cada uno de los centros que lo integran y de los avances en las líneas de investigación prioritarias. 
649 |a XX 
650 |a Centros de Investigación -  |z México -  |x Informes 
650 |a Servicios Médicos y de Salud -  |z México 
650 |a Medicamentos -  |z México 
650 |a Epidemiología -  |z México 
650 |a Cáncer -  |z México 
650 |a Tabaquismo -  |z México 
650 |a SIDA -  |z México 
650 |a Tuberculosis -  |z México 
650 |a Paludismo -  |z México 
650 |a Enfermedades Infecciosas -  |z México 
650 |a Lesiones y Agresión -  |z México 
650 |a Agua -  |x Tratamiento y Reciclaje -  |z México 
650 |a Enfermedades -  |z México -  |x Investigación 
650 |a Salud Pública -  |z México -  |x Investigación 
650 |a Medicina -  |z México -  |x Investigación 
650 |a Política y Salud Pública -  |z México 
700 |a Sepúlveda Amor, Jaime  |e (presentación) 
910 |a Fondo General 
920 |a Impresos - Libros 
930 |a Colección General 
905 |a 101 
901 |a 0500075515  |b IT1  |c ACC  |u 20250521 
902 |a https://opac.biblio.iteso.mx/vufind/Record/000146213